[Event "FIDE World Cup 2017"]
[Site "Tbilisi GEO"]
[Date "2017.09.08"]
[Round "2.3"]
[White "Rapport,R"]
[Black "Wei Yi"]
[Result "1-0"]
[WhiteElo "2675"]
[BlackElo "2748"]

1.Nf3 Nf6 2.c4 e6 3.d4 d5 4.Bg5 h6 5.Bxf6 Qxf6 6.e3 c6 7.Bd3 g6 8.O-O Bg7
9.Nbd2 O-O 10.Rc1 Nd7 11.Re1 Qd8 12.Qb3 a5 13.e4 a4 14.Qa3 dxe4 15.Nxe4 e5
16.Nd6 exd4 17.c5 Nf6 18.Bc4 Nd5 19.Bxd5 cxd5 20.b4 b6 21.Red1 Bg4 22.h3 Bxf3
23.Qxf3 bxc5 24.bxc5 Qg5 25.g3 Be5 26.h4 Qf6 27.Qxf6 Bxf6 28.c6 Be5 29.Nb5 Ra5
30.c7 Rxb5 31.c8=Q Rxc8 32.Rxc8+ Kg7 33.Ra8 Rb4 34.Ra5 Bc7 35.Rxd5 Rb2 36.R5xd4 Rxa2
37.R4d2 Ra3 38.Rd3 Rxd3 39.Rxd3 h5 40.Ra3 Bd6 41.Rxa4 Bc5 42.Kg2 Bb6 43.Ra2 Bd4
44.Kf3 f5 45.Rd2 Be5 46.Rd5 Kf6 47.Ra5 Ke6 48.Ra6+ Kf7 49.Ke3 Bc3 50.f4 Bf6
51.Kd3 Bb2 52.Kc4 Bf6 53.Rc6 Bb2 54.Kd5 Kg7 55.Ke6 Bd4 56.Rc7+ Kg8 57.Rd7 Bc3
58.Rd3 Bb2 59.g4 hxg4 60.h5 Kg7 61.Rd7+ Kh6 62.hxg6 Kxg6 63.Rf7 Bc1 64.Rxf5 Kh6  1-0

[Event "FIDE World Cup 2017"]
[Site "Tbilisi GEO"]
[Date "2017.09.08"]
[Round "2.4"]
[White "Wei Yi"]
[Black "Rapport,R"]
[Result "1/2-1/2"]
[WhiteElo "2748"]
[BlackElo "2675"]

1.e4 c6 2.d4 d5 3.e5 Bf5 4.Nd2 e6 5.Nb3 Nd7 6.Nf3 c5 7.dxc5 Bxc5 8.Nxc5 Nxc5
9.Bb5+ Nd7 10.Nd4 Ne7 11.Bg5 O-O 12.Qe2 Bg6 13.h4 h6 14.h5 Bh7 15.Bxe7 Qxe7
16.Bxd7 Qxd7 17.Rh3 Qa4 18.c3 Qc4 19.Qd2 Be4 20.f3 Bh7 21.Kf2 Qd3 22.Qe1 Rae8
23.Rd1 Qa6 24.a3 Qb6 25.Rd2 f6 26.Rg3 Be4 27.exf6 Rxf6 28.Qe3 e5 29.Ne2 Bf5
30.Rxd5 Qxb2 31.Qxa7 Qb6+ 32.Qxb6 Rxb6 33.Rc5 Re7 34.f4 exf4 35.Nxf4 Rf7
36.Re3 Kh7 37.Kg3 Ra6 38.Re8 Ra4 39.Rd8 g5 40.hxg6+ Bxg6 41.Ne6 Bf5 42.Nd4 Rg7+
43.Kf4 Bg4 44.Re5 Rxa3 45.Ree8 h5 46.Rh8+ Kg6 47.Rd6+ Kf7 48.Nb5 Ra4+ 49.Ke3 Ra6
50.Rb8 Rxd6 51.Nxd6+ Ke6 52.Nxb7 Rc7 53.Kd4 Rd7+ 54.Ke3 Rc7 55.Kd4 Rd7+ 56.Kc4 Rd2
57.Nc5+ Kf7 58.g3 Be2+ 59.Kb3 Bd1+ 60.Kc4 Be2+ 61.Kb3 Bd1+ 62.Ka3 Rg2 63.Rb7+ Kg6
64.Rb8 Kf7 65.Rd8 Rxg3 66.Rxd1 Rxc3+  1/2-1/2

[Event "5th Asian U23 Men Rapid"]
[Site "Ashgabat TKM"]
[Date "2017.09.25"]
[Round "1.1"]
[White "Abdusattorov,Nodirbek"]
[Black "Wei Yi"]
[Result "1/2-1/2"]
[WhiteElo "2486"]
[BlackElo "2748"]

1.e4 c5 2.Nf3 d6 3.Bb5+ Nd7 4.O-O a6 5.Bd3 Ngf6 6.Re1 e6 7.c3 b5 8.Bc2 c4
9.a4 Bb7 10.d4 cxd3 11.Bxd3 Be7 12.axb5 axb5 13.Rxa8 Qxa8 14.Nbd2 O-O 15.b4 Rc8
16.Qb3 d5 17.e5 Ne4 18.Bb2 Bc6 19.Qc2 Nb6 20.Nd4 Nxd2 21.Qxd2 Nc4 22.Qe2 g6
23.Bc1 Be8 24.g3 Nb6 25.Bd2 Nc4 26.Bc1 Nb6 27.Bd2 Nc4 28.Bc1 Nb6  1/2-1/2

[Event "5th Asian U23 Men Rapid"]
[Site "Ashgabat TKM"]
[Date "2017.09.25"]
[Round "2.1"]
[White "Ali,Muhammad Lutfi"]
[Black "Wei Yi"]
[Result "0-1"]
[WhiteElo "2421"]
[BlackElo "2748"]

1.e4 c5 2.Nf3 d6 3.Bb5+ Nd7 4.c3 Nf6 5.Qe2 a6 6.Ba4 b5 7.Bc2 Bb7 8.O-O g6
9.d4 Bg7 10.Rd1 O-O 11.a4 cxd4 12.cxd4 b4 13.Nbd2 a5 14.Bd3 e5 15.dxe5 dxe5
16.Nb3 Qe7 17.Bg5 h6 18.Bh4 Rfc8 19.Rac1 Nc5 20.Nxc5 Rxc5 21.Rxc5 Qxc5 22.Bxf6 Bxf6
23.Bc4 Rd8 24.Rxd8+ Bxd8 25.Qd3 Bb6 26.Qe2 Kg7 27.b3 Qd6 28.h3 Bd4 29.Qd3 Qc5
30.Nxd4 exd4 31.f3 Bc8 32.Kf2 Be6 33.Bxe6 fxe6 34.Qb5 Qc2+ 35.Kg3 Qc7+ 36.e5 g5
37.h4 gxh4+ 38.Kf2 Qc2+ 39.Kg1 Qc1+ 40.Kh2 Qc7 41.f4 Qf7 42.Qf1 d3 43.Qxd3 Qxf4+
44.Kg1 Qxe5 45.Qd7+ Kg6 46.Qd3+ Qf5 47.Qb5 Qxb5 48.axb5 a4 49.b6 axb3 50.b7 b2
51.b8=Q b1=Q+ 52.Kh2 Qe1 53.Qg8+ Kf5 54.Qh7+ Ke5 55.Qc7+ Kd5 56.Qd7+ Kc4
57.Qc6+ Kb3 58.Qf3+ Kb2 59.Qf6+ e5 60.Qxh6 b3 61.Qc6 e4 62.Qf6+ Kb1 63.Qd4 b2
64.Qc4 Qg3+ 65.Kh1 Qd3 66.Qb4 Kc1 67.Qc5+ Kd1 68.Qh5+ Kd2 69.Qa5+ Kc2 70.Qc5+ Kb3
71.Qb6+ Ka2 72.Qe6+ Ka1 73.Qe5 Qa3 74.Qd4 e3 75.Kg1 Qa5 76.Kf1 Qf5+ 77.Kg1 Qc2
78.Qa7+ Kb1 79.Kh2 Qc3 80.Qf7 Kc1 81.Qf1+ Kd2 82.Qf5 Qc7+  0-1

[Event "5th Asian U23 Men Rapid"]
[Site "Ashgabat TKM"]
[Date "2017.09.25"]
[Round "3.1"]
[White "Wei Yi"]
[Black "Maghsoodloo,Parham"]
[Result "1-0"]
[WhiteElo "2748"]
[BlackElo "2569"]

1.e4 Nf6 2.e5 Nd5 3.d4 d6 4.Nf3 dxe5 5.Nxe5 c6 6.Be2 Bf5 7.O-O Nd7 8.c4 N5f6
9.f4 h5 10.Nc3 e6 11.Be3 Bd6 12.Bf3 Rc8 13.Qe2 a6 14.a3 Ng4 15.h3 Nxe3 16.Qxe3 h4
17.b4 O-O 18.Rae1 Re8 19.Qf2 Be7 20.Rd1 a5 21.c5 axb4 22.axb4 Ra8 23.b5 Nxe5
24.fxe5 Ra3 25.Ne4 cxb5 26.Nd6 Bxd6 27.exd6 b4 28.d5 e5 29.Bg4 Bg6 30.d7 Rf8
31.c6 f5 32.Qc5 bxc6 33.dxc6 Rc3 34.Qd6 Rf6 35.c7 Rxc7 36.Qxc7 Qxc7 37.d8=Q+ Qxd8
38.Rxd8+ Kh7 39.Bd1 Bf7 40.Rb8 e4 41.Rxb4 Kh6 42.Bb3 Bxb3 43.Rxb3 Kg5 44.Rfb1 Rd6
45.Kh2 g6 46.Rb6 Rd3 47.Re6 Kh6 48.Rb8 Rg3 49.Re7 Rd3 50.Rh8+ Kg5 51.Re6 e3
52.Rg8 Kf4 53.Rgxg6 Rd4 54.Rh6  1-0

[Event "5th Asian U23 Men Rapid"]
[Site "Ashgabat TKM"]
[Date "2017.09.25"]
[Round "4.1"]
[White "Atabayev,M"]
[Black "Wei Yi"]
[Result "1/2-1/2"]
[WhiteElo "2488"]
[BlackElo "2748"]

1.e4 g6 2.d4 Bg7 3.Nc3 d6 4.Nf3 a6 5.h3 b5 6.Bd3 Bb7 7.a4 b4 8.Ne2 Nd7 9.O-O Ngf6
10.Ng3 c5 11.c3 O-O 12.Be3 a5 13.Qd2 c4 14.Bb1 bxc3 15.bxc3 e5 16.Bc2 Re8
17.d5 Qc7 18.Bh6 Bh8 19.Ng5 Bg7 20.Nf3 Bh8 21.Ng5 Bg7  1/2-1/2

[Event "5th Asian U23 Men KO Rapid"]
[Site "Ashgabat TKM"]
[Date "2017.09.26"]
[Round "1.1"]
[White "Karthikeyan,M2"]
[Black "Wei Yi"]
[Result "0-1"]
[WhiteElo "2574"]
[BlackElo "2748"]

1.e4 c6 2.Nf3 d5 3.Nc3 g6 4.d4 Bg7 5.h3 dxe4 6.Nxe4 Nf6 7.Nxf6+ exf6 8.Bc4 O-O
9.O-O a5 10.a4 Na6 11.c3 Nc7 12.Bf4 Nd5 13.Bh2 Be6 14.Nd2 f5 15.Bb3 h5 16.Re1 Bh6
17.Be5 Re8 18.Nc4 f6 19.Bh2 f4 20.Qf3 Kg7 21.Nd2 Qc7 22.Re2 Bf7 23.Rae1 Rxe2
24.Rxe2 g5 25.Bc2 Qd7 26.Qd3 Rh8 27.Qf5 Qxf5 28.Bxf5 Bg6 29.Bxg6 Kxg6 30.Nb3 b6
31.Re6 Rc8 32.c4 Nb4 33.c5 Kf5 34.Re2 bxc5 35.dxc5 Rd8 36.Re1 Rd5 37.Kf1 Bf8
38.Nxa5 Bxc5 39.Nc4 Rd4 40.b3 Rd3 41.Rb1 g4 42.hxg4+ hxg4 43.Bg1 Rc3 44.a5 f3
45.Bh2 Rc2 46.Bg3 Nd3 47.gxf3 gxf3 48.Rd1 Nxf2 49.Re1 Ne4 50.Bh4 Rxc4  0-1

[Event "5th Asian U23 Men KO Rapid"]
[Site "Ashgabat TKM"]
[Date "2017.09.26"]
[Round "2.1"]
[White "Wei Yi"]
[Black "Garcia,Jan"]
[Result "1-0"]
[WhiteElo "2748"]
[BlackElo "2443"]

1.d4 Nf6 2.Bf4 g6 3.Nc3 d5 4.e3 Bg7 5.h4 h5 6.Be2 c6 7.Nf3 Bg4 8.Ne5 Bxe2
9.Qxe2 Nbd7 10.O-O-O e6 11.Kb1 Qe7 12.f3 Nb6 13.e4 Nfd7 14.Bg5 Bf6 15.exd5 exd5
16.Bxf6 Nxf6 17.Rhe1 O-O-O 18.Qd2 Qf8 19.Qf4 Nbd7 20.Re3 Nxe5 21.dxe5 Ne8
22.Qd4 b6 23.e6 fxe6 24.Rxe6 Rd6 25.Rde1 Rxe6 26.Rxe6 Kd7 27.Rxg6 Rg8 28.Qd3 Rxg6
29.Qxg6 Ng7 30.Qg5 Qf7 31.Ne2 Ne6 32.Qe5 Qg6 33.g3 Qf7 34.f4 Nc5 35.Nd4 Ne4
36.Qb8 Qe8 37.Qxa7+ Kd6 38.Nf5+ Kc5 39.Qa3+ Kb5 40.Qd3+ Ka5 41.Qa3+ Kb5 42.Nd4+ Kc4
43.Qd3+ Kc5 44.Nf5 Kb4 45.a3+ Ka5 46.b4+ Ka4 47.Qa6+  1-0

[Event "5th Asian U23 Men Rapid"]
[Site "Ashgabat TKM"]
[Date "2017.09.26"]
[Round "5.1"]
[White "Wei Yi"]
[Black "Le Tuan Minh"]
[Result "1-0"]
[WhiteElo "2748"]
[BlackElo "2485"]

1.d4 d5 2.Bf4 Nf6 3.e3 c5 4.Nd2 Nc6 5.c3 e6 6.Ngf3 Nh5 7.Be5 f6 8.Bg3 Nxg3
9.hxg3 f5 10.Bb5 Bd6 11.Ne5 O-O 12.f4 Bxe5 13.dxe5 Bd7 14.Bxc6 Bxc6 15.Qh5 h6
16.Qg6 Qe8 17.Rxh6 Qxg6 18.Rxg6 Kf7 19.Rg5 Rad8 20.Kf2 Rh8 21.g4 g6 22.gxf5 gxf5
23.Rg3 a5 24.Rd1 b6 25.Nf3 a4 26.Ng5+ Ke7 27.Nh3 Rdg8 28.Ng5 Rg6 29.b4 axb3
30.axb3 Ra8 31.Rh3 Ra2+ 32.Kg3 Re2 33.Rh7+ Kd8 34.Rdh1 Rxe3+ 35.Kf2 Rxc3
36.Ra7 Rc2+ 37.Ke3 Rc3+ 38.Kd2 Rg3 39.Rh8+  1-0

[Event "5th Asian U23 Men Blitz"]
[Site "Ashgabat TKM"]
[Date "2017.09.27"]
[Round "1.1"]
[White "Wei Yi"]
[Black "Priasmoro,Novendra"]
[Result "0-1"]
[WhiteElo "2748"]
[BlackElo "2411"]

1.b3 Nf6 2.Bb2 e6 3.e3 Be7 4.f4 b6 5.Nf3 Bb7 6.Rg1 d6 7.g4 h6 8.Nc3 Nbd7
9.Qe2 a5 10.O-O-O Nc5 11.g5 hxg5 12.fxg5 Nh5 13.g6 f5 14.Bg2 Qd7 15.Nd4 O-O-O
16.Bxb7+ Kxb7 17.e4 Bf6 18.Qe3 fxe4 19.Nxe4 Nxe4 20.Qxe4+ d5 21.Qg4 e5 22.Ne6 Kb8
23.Nxd8 Qxd8 24.Rde1 Qd6 25.Rgf1 Nf4 26.d4 Rxh2 27.dxe5 Qc5 28.Qd1 Bg5 29.Kb1 Ne6
30.Re2 Rh6 31.Rg2 Be3 32.Qg4 Qc6 33.Bc1 Bxc1 34.Rxc1 Nc5 35.Qf4 Ne6 36.Qd2 a4
37.Rf1 Rh4 38.Rd1 d4 39.Rf2 a3 40.Qc1 Qc5 41.Re2 Rh3 42.Rf1 Rc3 43.Qd2 Qd5
44.Rd1 Qc5 45.Rf2 Qxe5 46.Qe2 Qd5 47.Qa6 Qc5 48.Rh1 Nd8 49.Rh8 Qe7 50.Qf1 Re3
51.Qc1 Re1 52.Rxd8+ Kb7  0-1

[Event "5th Asian U23 Men KO Blitz"]
[Site "Ashgabat TKM"]
[Date "2017.09.27"]
[Round "1.1"]
[White "Wei Yi"]
[Black "Garcia,Jan"]
[Result "1-0"]
[WhiteElo "2748"]
[BlackElo "2443"]

1.e4 e5 2.Nf3 Nc6 3.Bb5 Nf6 4.d3 Bc5 5.Bxc6 dxc6 6.Nbd2 Be6 7.O-O Nd7 8.Nb3 Bd6
9.Ng5 Bxb3 10.axb3 f6 11.Nf3 Nf8 12.Nh4 Ne6 13.Qh5+ Kd7 14.Nf3 g6 15.Qh3 Ke7
16.Be3 Qd7 17.Nd2 Bc5 18.Bxc5+ Nxc5 19.Qe3 Qd4 20.Qxd4 exd4 21.f4 Nd7 22.b4 Rhd8
23.Nb3 Nf8 24.Rae1 a6 25.f5 Rd6 26.e5 fxe5 27.Rxe5+ Kf6 28.Re4 gxf5 29.Nxd4 Rd5
30.Ref4 Re8 31.Nxf5 Ng6 32.R4f3 Ne5 33.Rh3 Kg5 34.Rg3+ Ng4 35.h4+ Kh5 36.Ng7+ Kxh4
37.Rh3+  1-0

[Event "5th Asian U23 Men Blitz"]
[Site "Ashgabat TKM"]
[Date "2017.09.27"]
[Round "3.1"]
[White "Wei Yi"]
[Black "Le Tuan Minh"]
[Result "1-0"]
[WhiteElo "2748"]
[BlackElo "2485"]

1.d4 d5 2.Bf4 Nf6 3.e3 c5 4.Nd2 Qb6 5.dxc5 Qxc5 6.Ngf3 Nc6 7.c4 e6 8.a3 Be7
9.b4 Qb6 10.Bd3 O-O 11.O-O Qd8 12.c5 Nh5 13.Qc2 Nxf4 14.exf4 g6 15.g3 Bf6
16.Rad1 Bd7 17.Rfe1 Rc8 18.Qb1 a5 19.Rc1 axb4 20.axb4 Qc7 21.b5 Ne7 22.Ne5 Rfd8
23.Ndf3 Be8 24.Nd4 Nf5 25.Bxf5 gxf5 26.Qb4 Ra8 27.c6 b6 28.Ra1 Be7 29.Qc3 Bd6
30.Ndf3 Bf8 31.Rxa8 Rxa8 32.Ra1 Rc8 33.Ra6 f6 34.Nd3 Kf7 35.Qa1 Qd8 36.Ra7+ Be7
37.Ng5+ fxg5 38.Qh8 Rc7 39.Ne5+  1-0

[Event "5th Asian U23 Men Blitz"]
[Site "Ashgabat TKM"]
[Date "2017.09.27"]
[Round "4.1"]
[White "Makhnyov,Denis"]
[Black "Wei Yi"]
[Result "0-1"]
[WhiteElo "2362"]
[BlackElo "2748"]

1.d4 d5 2.Nf3 c6 3.c4 e6 4.Qc2 dxc4 5.Qxc4 Nf6 6.g3 b5 7.Qb3 Bb7 8.Bg2 Nbd7
9.O-O a6 10.a4 Be7 11.Rd1 O-O 12.Bg5 Qc7 13.Nc3 b4 14.Ne4 a5 15.Rac1 Rac8
16.Bf4 Qb6 17.Nd6 Bxd6 18.Bxd6 Rfd8 19.Be7 Re8 20.Bc5 Nxc5 21.dxc5 Qc7 22.Nd2 Ba6
23.Nc4 Bxc4 24.Qxc4 Red8 25.Bf3 h6 26.b3 Kf8 27.e3 Nd5 28.Qa6 Ra8 29.Qc4 Rd7
30.Bxd5 exd5 31.Qd4 Re8 32.f3 Rde7 33.Rd3 Qc8 34.Kg2 Qf5 35.Re1 Kg8 36.Re2 Re6
37.h3 h5 38.Rdd2 Rg6 39.Kh2 Qxf3  0-1

[Event "5th Asian U23 Men Blitz"]
[Site "Ashgabat TKM"]
[Date "2017.09.27"]
[Round "5.1"]
[White "Wei Yi"]
[Black "Ghosh,D"]
[Result "1/2-1/2"]
[WhiteElo "2748"]
[BlackElo "2556"]

1.d4 Nf6 2.c4 e6 3.g3 d5 4.Bg2 dxc4 5.Nf3 Bd7 6.Nbd2 Bb5 7.Ne5 a5 8.Ndxc4 Bb4+
9.Kf1 c6 10.Bf3 Nbd7 11.Kg2 Nxe5 12.Nxe5 Nd7 13.Nd3 Be7 14.Qc2 O-O 15.Rd1 Rc8
16.h4 Qc7 17.Bf4 Bd6 18.Bxd6 Qxd6 19.e3 b6 20.Rac1 a4 21.Qc3 Rfd8 22.a3 h6
23.Nb4 Rc7 24.Qc2 Rdc8 25.b3 Ra7 26.Rd2 c5 27.dxc5 Qxc5 28.bxa4 Bxa4 29.Qxc5 Nxc5
30.Rb2 Rac7 31.Kh2 Kf8 32.Kg2 Ke7 33.Kh2 Kf8 34.Kg2 Ke7 35.Kh2  1/2-1/2

[Event "Adhiban-Wei Yi Basque m"]
[Site "Hoogeveen NED"]
[Date "2017.10.27"]
[Round "1.1"]
[White "Adhiban,Baskaran"]
[Black "Wei Yi"]
[Result "1/2-1/2"]
[WhiteElo "2671"]
[BlackElo "2740"]

1.e4 e5 2.Nf3 Nf6 3.Nxe5 d6 4.Nf3 Nxe4 5.Qe2 Qe7 6.d3 Nf6 7.Nc3 Qxe2+ 8.Bxe2 Nc6
9.O-O a6 10.a3 Be7 11.h3 h6 12.Re1 Be6 13.Be3 O-O 14.Nd4 Nxd4 15.Bxd4 c5
16.Bxf6 Bxf6 17.Bf3 Rab8 18.a4 b5 19.axb5 axb5 20.Ra6 b4 21.Nd5 Bxb2 22.Rxd6 Rfd8
23.Ne7+ Kf8 24.Rdxe6 fxe6 25.Nc6 e5 26.Nxb8 Rxb8 27.Bd5 Rd8 28.Bb3 Bd4 29.g3 Ra8
30.Kg2 Ra6 31.h4 Rf6 32.f3 Ke7 33.Re4 g5 34.Rg4 Rg6 35.f4 exf4 36.gxf4 Kf6
37.Kf3 gxf4 38.Rxf4+ Ke5 39.Re4+ Kd6 40.Re8 Kd7 41.Ba4+ Kd6 42.Bb3 Kd7 43.Ra8 Ke7
44.Ra7+ Kf6 45.Rh7 Kf5 46.Bd5 Ke5 47.Bb3 Kf5 48.Rd7 Kf6 49.Rd5 Ke7 50.Rh5 Rf6+
51.Ke4 Rg6 52.Kf3 Rf6+ 53.Ke4 Rg6 54.Kf3  1/2-1/2

[Event "Adhiban-Wei Yi Basque m"]
[Site "Hoogeveen NED"]
[Date "2017.10.27"]
[Round "1.2"]
[White "Wei Yi"]
[Black "Adhiban,Baskaran"]
[Result "1-0"]
[WhiteElo "2740"]
[BlackElo "2671"]

1.e4 d5 2.exd5 Nf6 3.Nf3 Bg4 4.h3 Bxf3 5.Qxf3 Qxd5 6.Be2 Qxf3 7.Bxf3 c6 8.d4 Nbd7
9.O-O O-O-O 10.Re1 e6 11.c3 c5 12.Na3 cxd4 13.cxd4 Bxa3 14.bxa3 Nb6 15.Bf4 Nfd5
16.Be5 f6 17.Bg3 Kd7 18.Rab1 Rhe8 19.a4 Nc3 20.Rb3 Ncxa4 21.Bxb7 Re7 22.Rc1 Ke8
23.Bc6+ Kf7 24.Rb4 Rc8 25.Rc2 a5 26.Rb1 Rd8 27.Bxa4 Nxa4 28.Rc4 Red7 29.Rxa4 Rxd4
30.Rxa5 Rd1+ 31.Rxd1 Rxd1+ 32.Kh2 g5 33.f4 h6 34.fxg5 hxg5 35.h4 g4 36.h5 e5
37.Ra4  1-0

[Event "Adhiban-Wei Yi Basque m"]
[Site "Hoogeveen NED"]
[Date "2017.10.27"]
[Round "2.2"]
[White "Adhiban,Baskaran"]
[Black "Wei Yi"]
[Result "1-0"]
[WhiteElo "2671"]
[BlackElo "2740"]

1.c4 Nf6 2.Nc3 e6 3.e4 d5 4.e5 d4 5.exf6 dxc3 6.bxc3 Qxf6 7.Nf3 Nc6 8.d4 e5
9.Bg5 Qg6 10.d5 Nb8 11.h4 h6 12.h5 Qd6 13.Be3 Nd7 14.c5 Nxc5 15.Bb5+ Nd7
16.c4 a6 17.c5 Qf6 18.Qa4 Rb8 19.Be2 b5 20.cxb6 cxb6 21.O-O b5 22.Qe4 Bd6
23.Rac1 Bb7 24.Nh4 Qd8 25.Nf5 Nf6 26.Qh4 Bc8 27.Nxd6+ Qxd6 28.Bc5 Qxd5 29.Bf3 e4
30.Bxe4 Qg5 31.Bc6+ Bd7 32.Rfe1+  1-0

[Event "Adhiban-Wei Yi Basque m"]
[Site "Hoogeveen NED"]
[Date "2017.10.27"]
[Round "2.1"]
[White "Wei Yi"]
[Black "Adhiban,Baskaran"]
[Result "1-0"]
[WhiteElo "2740"]
[BlackElo "2671"]

1.Nf3 Nf6 2.c4 c5 3.Nc3 Nc6 4.e3 e5 5.d4 cxd4 6.exd4 e4 7.Ne5 Bb4 8.Be2 O-O
9.O-O Re8 10.Bf4 Bxc3 11.bxc3 Ne7 12.c5 Ned5 13.Bd2 d6 14.cxd6 Qxd6 15.c4 Ne7
16.Bc3 Ng6 17.f4 exf3 18.Bxf3 Rb8 19.Kh1 Nxe5 20.dxe5 Qxd1 21.Raxd1 Ng4 22.Bd4 Be6
23.Rc1 b6 24.h3 Nh6 25.g4 Red8 26.Rfd1 Kh8 27.a3 Rbc8 28.Be2 Ng8 29.Kg1 Ne7
30.c5 bxc5 31.Rxc5 Rb8 32.Rc7 Nd5 33.Rxa7 Nf4 34.Bf1 h5 35.gxh5 Rb3 36.Rd2 Nxh3+
37.Kh2 Ng5 38.Bg2 Nf3+ 39.Bxf3 Rxf3 40.Rb7 Rxa3 41.Rb4 Rh3+ 42.Kg1 Rxh5 43.Rh2 Rxh2
44.Kxh2 Kh7 45.Kg3 g5 46.Be3 Kg6 47.Rd4 Rb8 48.Rd1 Rb3 49.Kf2 Kf5 50.Rg1 g4
51.Re1 Kxe5 52.Bc1+ Kf5 53.Re3 Rb1 54.Rc3 Bd5 55.Kg3 Be6 56.Kf2 Ke4 57.Re3+ Kd4
58.Re1 Rb5 59.Rd1+ Ke4 60.Re1+ Kf5 61.Kg3 Kg6 62.Re2 Rd5 63.Bf4 Rd1 64.Rd2 Re1
65.Rc2 Ra1 66.Re2 Rb1 67.Kf2 Rh1 68.Re1 Rh3 69.Re3 Rh8 70.Kg3 Rh1 71.Kf2 Kf5
72.Bg3 f6 73.Re1 Rh7 74.Rc1 Rb7 75.Rc5+ Ke4 76.Rc2 Bd5 77.Re2+ Kf5 78.Rd2 Be4
79.Re2 Rb3 80.Re3 Bd3 81.Kg1 Rb1+ 82.Re1 Rb2 83.Bh2 Be4 84.Rf1+ Ke6 85.Rf2 Rb3
86.Re2 f5 87.Bf4 g3 88.Re1 Rb2 89.Bc7 Rh2 90.Kf1 Rh1+ 91.Ke2 g2 92.Bb6 Rf1
93.Kd2 Kf6 94.Rc1 Ke5 95.Bc7+ Ke6 96.Bh2 f4 97.Rc4 Kd5  1-0

[Event "11th Kings Rapid 2017"]
[Site "Medias ROU"]
[Date "2017.11.26"]
[Round "1.1"]
[White "Deac,Bogdan-Daniel"]
[Black "Wei Yi"]
[Result "1/2-1/2"]
[WhiteElo "2566"]
[BlackElo "2739"]

1.d4 d6 2.Nf3 Nf6 3.g3 Nbd7 4.c4 e5 5.Nc3 c6 6.Qc2 g6 7.Bg2 Bg7 8.O-O O-O
9.e4 Qe7 10.Rd1 exd4 11.Nxd4 a5 12.b3 Nc5 13.Bf4 Rd8 14.Re1 Ng4 15.Nf3 Ne5
16.Be3 Ned3 17.Re2 Bg4 18.Bg5 f6 19.Bd2 Ne5 20.Re3 Bxf3 21.Bxf3 Bh6 22.Bg2 Bxe3
23.Bxe3 Ng4 24.Bf4 Ne6 25.Bd2 Ne5 26.Be3 Ng4 27.Bd2 Ne5 28.Be3 Re8 29.Rd1 Nf7
30.Qd2 Nc5 31.Bd4 Rad8 32.h4 h5 33.Qc2 Kg7 34.a3 Ne5 35.Ne2 Ne6 36.Bb2 Ng4
37.Qc3 Nc5 38.f3 Ne5 39.Nd4 Ne6 40.Nxe6+ Qxe6 41.Qxa5 b5 42.Bxe5 Qxe5 43.Qc7+ Kh8
44.Qxc6 bxc4 45.Qxc4 Qxg3 46.Qd4 Qxh4 47.a4 d5 48.Qb6 Rb8 49.Qe3 Qg5 50.Qxg5 fxg5
51.Rxd5 Rxb3 52.Rxg5 Kg7 53.f4 Kh6 54.Rb5 Ra3 55.Rb6 Kg7 56.f5 gxf5 57.exf5 Re1+
58.Kf2 Re5 59.Rb5 Ra2+ 60.Kg3 Re3+ 61.Kf4 Re7 62.Bd5 Rxa4+ 63.Kg5 Rg4+ 64.Kxh5 Rg1
65.Rb7 Rxb7 66.Bxb7 Kf6 67.Bc8 Rg5+ 68.Kh4 Rxf5 69.Bxf5 Kxf5  1/2-1/2

[Event "11th Kings Rapid 2017"]
[Site "Medias ROU"]
[Date "2017.11.26"]
[Round "2.1"]
[White "Wei Yi"]
[Black "Ivanchuk,V"]
[Result "1/2-1/2"]
[WhiteElo "2739"]
[BlackElo "2729"]

1.e4 e6 2.d4 d5 3.Nc3 dxe4 4.Nxe4 Nd7 5.Nf3 Ngf6 6.Nxf6+ Nxf6 7.Bd3 c5 8.Be3 Qc7
9.Qe2 a6 10.O-O b6 11.c4 cxd4 12.Bxd4 Bb7 13.Ne5 Bc5 14.Bc3 Rd8 15.Rad1 Bd4
16.Bxd4 Rxd4 17.Bc2 Rxd1 18.Rxd1 O-O 19.Ng4 Nxg4 20.Qxg4 b5 21.Bb3 Qe5 22.cxb5 axb5
23.Qd4 Qg5 24.g3 Bf3 25.Re1 Rd8 26.Qe3 Qf6 27.Qc3 Qxc3 28.bxc3 Rd2 29.Re3 Be2
30.h4 Rb2 31.Kg2 Kf8 32.Re4 Ke7 33.Rb4 h6 34.a4 g5 35.hxg5 hxg5 36.g4 bxa4
37.Bxa4 Rxb4 38.cxb4 Bxg4 39.Kg3 Be2 40.f4 gxf4+ 41.Kxf4 f6 42.b5 Kd6 43.b6 Ba6
44.Kg4 Bb7 45.Kh5 Ke7 46.Kg4 e5 47.Kf5 Bc8+ 48.Kg6 e4 49.Bb3 f5 50.b7 Bxb7
51.Kxf5 e3 52.Bc4 Kd6 53.Kf4  1/2-1/2

[Event "11th Kings Rapid 2017"]
[Site "Medias ROU"]
[Date "2017.11.26"]
[Round "3.1"]
[White "Karjakin,Sergey"]
[Black "Wei Yi"]
[Result "1-0"]
[WhiteElo "2760"]
[BlackElo "2739"]

1.d4 Nf6 2.Bf4 d5 3.e3 Bf5 4.c4 e6 5.Nc3 Bb4 6.Qa4+ Nc6 7.Nf3 O-O 8.Rc1 dxc4
9.Bxc4 a6 10.Qd1 Nd5 11.Bxd5 Qxd5 12.a3 Bxc3+ 13.Rxc3 Rac8 14.O-O Bg4 15.Rc5 Bxf3
16.Qxf3 Qxf3 17.gxf3 Rfd8 18.b4 Rd7 19.Rfc1 f6 20.Kf1 Kf7 21.Ke2 Re8 22.b5 axb5
23.Rxb5 e5 24.dxe5 fxe5 25.Bg3 Nd8 26.Rxe5 Rxe5 27.Bxe5 c6 28.f4 g6 29.a4 Ke6
30.Bd4 Rd5 31.Rb1 Kd7 32.Bf6 Kc7 33.e4 Rd7 34.Ke3 Ne6 35.Be5+ Kc8 36.Rc1 Rf7
37.h4 Kd7 38.h5 Nf8 39.Rd1+ Ke8 40.Rh1 Rd7 41.a5 Kf7 42.Rc1 Ne6 43.h6 Nd8
44.Ra1 Ne6 45.a6 bxa6 46.Rxa6 c5 47.Ra8 Rb7 48.Rh8 Rb3+ 49.Ke2  1-0

[Event "11th Kings Rapid 2017"]
[Site "Medias ROU"]
[Date "2017.11.27"]
[Round "4.1"]
[White "Wei Yi"]
[Black "Deac,Bogdan-Daniel"]
[Result "0-1"]
[WhiteElo "2739"]
[BlackElo "2566"]

1.d4 Nf6 2.c4 e6 3.g3 d5 4.Bg2 Be7 5.Nf3 O-O 6.O-O dxc4 7.Qc2 b6 8.Bg5 Nd5
9.Bxe7 Qxe7 10.e4 Nb4 11.Qc3 c5 12.a3 N4c6 13.d5 Na5 14.Nbd2 Ba6 15.Ne5 Nd7
16.f4 Nf6 17.Rae1 Rfe8 18.dxe6 Qxe6 19.Ndf3 h6 20.g4 Nh7 21.h4 Nb3 22.g5 Rad8
23.f5 Qd6 24.f6 hxg5 25.Nxf7 Kxf7 26.e5 Qd7 27.e6+ Rxe6 28.Rxe6 Qxe6 29.Ne5+ Kg8
30.f7+ Kf8 31.Bh3 g4 32.Bxg4 Qh6 33.Nd7+ Rxd7 34.Bxd7 Qg6+ 35.Kh2 Qd6+ 36.Qg3 Qxd7
37.Qe5 Nf6  0-1

[Event "11th Kings Rapid 2017"]
[Site "Medias ROU"]
[Date "2017.11.27"]
[Round "5.1"]
[White "Wei Yi"]
[Black "Karjakin,Sergey"]
[Result "1-0"]
[WhiteElo "2739"]
[BlackElo "2760"]

1.d4 Nf6 2.c4 e6 3.Nc3 Bb4 4.g3 O-O 5.Bg2 d5 6.a3 Be7 7.cxd5 exd5 8.Nh3 c6
9.O-O Na6 10.Nf4 Nc7 11.f3 c5 12.Be3 b6 13.Qc2 Bb7 14.Rad1 Re8 15.Bf2 Bd6
16.Qc1 Qe7 17.Rfe1 Rab8 18.g4 h6 19.h4 cxd4 20.Bxd4 Ne6 21.Nxe6 fxe6 22.Bf2 Bc5
23.e3 Nd7 24.Bg3 Bd6 25.f4 Rbc8 26.g5 hxg5 27.hxg5 Nc5 28.Qb1 a5 29.Qg6 Nd7
30.Kf2 Nf8 31.Qd3 Qf7 32.Bf3 Bc5 33.Kg2 Rcd8 34.Nb5 Ba6 35.a4 d4 36.e4 Bb7
37.f5 exf5 38.exf5 g6 39.f6 Ne6 40.Re5 Nf8 41.Rde1 Rxe5 42.Rxe5 Bxf3+ 43.Kxf3 Qh7
44.Kg2 Qb7+ 45.Kg1 Qf7 46.Bf2 Qd7 47.Qe4 d3 48.Qc4+ Kh8 49.Qh4+ Nh7 50.Nc3 d2
51.Bxc5 bxc5 52.Nd1 Re8 53.Rxe8+ Qxe8 54.Kf1 Kg8 55.Qc4+ Kh8 56.Qh4 Kg8 57.Qc4+ Kh8
58.Qxc5 Qe1+ 59.Kg2 Qe4+ 60.Kg3 Kg8 61.Nf2 Qe6  1-0

[Event "11th Kings Rapid 2017"]
[Site "Medias ROU"]
[Date "2017.11.27"]
[Round "6.1"]
[White "Ivanchuk,V"]
[Black "Wei Yi"]
[Result "1/2-1/2"]
[WhiteElo "2729"]
[BlackElo "2739"]

1.d4 Nf6 2.c4 e6 3.Nf3 d5 4.Nc3 c5 5.cxd5 Nxd5 6.g3 cxd4 7.Nxd5 Qxd5 8.Qxd4 Qb5
9.e4 Qb4+ 10.Qxb4 Bxb4+ 11.Bd2 Nc6 12.Bb5 Bd7 13.Bxc6 Bxd2+ 14.Kxd2 Bxc6
15.Ke3 Ke7 16.Rac1 Rhc8 17.Nd4 Be8 18.e5 f6 19.f4 a5 20.a3 a4 21.Rhd1 Bd7
22.h4 h5 23.Ke4  1/2-1/2

[Event "11th Kings Blitz 2017"]
[Site "Medias ROU"]
[Date "2017.11.28"]
[Round "1.1"]
[White "Wei Yi"]
[Black "Deac,Bogdan-Daniel"]
[Result "0-1"]
[WhiteElo "2739"]
[BlackElo "2566"]

1.b3 e5 2.Bb2 Nc6 3.e3 Nf6 4.Bb5 Bd6 5.Ne2 a6 6.Bxc6 dxc6 7.d3 Qe7 8.Nd2 h5
9.e4 h4 10.h3 c5 11.Nc4 g5 12.Qd2 Rg8 13.O-O-O b5 14.Ne3 Be6 15.g4 O-O-O
16.c4 c6 17.f3 Nd7 18.Rhe1 f6 19.Nf5 Qf8 20.Kb1 Kb7 21.Rc1 Bxf5 22.exf5 b4
23.Kc2 a5 24.a3 Nb6 25.Ra1 Bc7 26.Qe3 Qd6 27.Red1 Rge8 28.Bc1 Nd7 29.Qf2 Bb6
30.Be3 Ra8 31.Kb2 Ra7 32.Ra2 Rea8 33.a4 Re8 34.Kc2 Raa8 35.Bc1 Rad8 36.Qe3 Nf8
37.Rb2 Nd7 38.Kb1 Nb8 39.Rbd2 Na6 40.Bb2 Nc7 41.Nc1 Na6 42.Re2 Rf8 43.Qd2 Qc7
44.Re4 Qd7 45.Rde1 Bc7 46.Kc2 Rf7 47.Qf2 Qd6 48.f4 gxf4 49.Qxh4 Qd7 50.Qf2 Rg7
51.Qf1 Rh8 52.Qf3 Rgh7 53.Rh1 Qg7 54.Ne2 Nb8 55.Ng1 Nd7 56.Qg2 Nf8 57.Nf3 Rg8
58.Rhe1 Nd7 59.Rh1 Nf8 60.g5 fxg5 61.Nxe5 Qh6 62.Ng4 Qh4 63.Nf6 Rgg7 64.Nxh7 Rxh7
65.f6 g4 66.Re7 f3 67.Qd2 g3 68.Rxh7 Nxh7 69.f7 g2 70.Rg1 Bh2 71.Rxg2 fxg2
72.Qxg2 Bd6 73.Qf3 Nf8 74.Qf5 Qg3 75.Kb1 Qg6 76.Qxg6 Nxg6 77.Bg7 Bf8 78.Bf6 Kc7
79.h4 Ne7 80.h5 Nf5 81.Kc2 Nh6 82.Be5+ Kd7 83.d4 Nxf7 84.Bf6 Ke6 85.Bh4 cxd4
86.Kd3 Be7 87.Bg3 Bd8 88.Ke4 Ng5+ 89.Kd3 Kf5 90.Bd6 Ne4 91.Bf8 Bb6 92.h6 Nf6
93.Be7 Kg6 94.h7 Nxh7 95.Ke4 Nf6+ 96.Ke5 d3  0-1

[Event "11th Kings Blitz 2017"]
[Site "Medias ROU"]
[Date "2017.11.28"]
[Round "3.1"]
[White "Wei Yi"]
[Black "Karjakin,Sergey"]
[Result "0-1"]
[WhiteElo "2739"]
[BlackElo "2760"]

1.Nf3 d5 2.c4 e6 3.g3 Nf6 4.Bg2 d4 5.O-O c5 6.e3 Nc6 7.exd4 cxd4 8.d3 Be7
9.b3 O-O 10.Na3 e5 11.Nc2 Nd7 12.a3 a5 13.Rb1 Nc5 14.b4 axb4 15.axb4 Na4
16.Bd2 Bf6 17.b5 Ne7 18.Re1 Ng6 19.Nb4 Nc5 20.h3 Bf5 21.Qc2 Ra3 22.Ra1 Rxa1
23.Rxa1 e4 24.dxe4 Bxe4 25.Qd1 Re8 26.Ra3 h6 27.Ne1 Ne5 28.Qc1 Bxg2 29.Nxg2 d3
30.Ne3 Ne4 31.Kg2 Be7 32.Rb3 Qd7 33.Nbd5 Ng5 34.g4 Ngf3 35.Qd1 Bc5 36.Bc3 Bxe3
37.Nxe3 Rc8 38.Bxe5 Nxe5 39.Qd2 Qd4 40.f3 Rd8 41.Rc3 Qf4 42.Qf2 d2 43.Nd1 Nxc4
44.Qc5 Ne5 45.Re3 Ng6 46.Kf1 Qh2 47.Qb6  0-1